| 000 | 00910nam a2200229 a 4500 | ||
|---|---|---|---|
| 001 | BRCA_3890 | ||
| 005 | 20190320204449.0 | ||
| 008 | 291209s1864----mx-a######---#000-0#spa-# | ||
| 041 | _aspa | ||
| 044 | _amx | ||
| 050 | 4 |
_aF1233.M3 _b.A38 1864 |
|
| 245 | 1 | 0 |
_aAdvenimiento de SS. MM. II Maximiliano y Carlota al trono de Mèxico _bMiramar a Veracruz y del recibimiento que se les hizo en este ùltimo puerto y en las Ciudades de Cordoba, Orizaba, Puebla y Mèxico |
| 260 |
_aMèxico _bImp. de J. M. Andrade y F. Escalante _c1864 |
||
| 300 |
_a368 p. _bil. _c25 cm. |
||
| 500 | _aEncuadernaciòn deteriorado | ||
| 500 | _aDocumentos relativos y narración del viaje de nuestros soberanos de Miramar a Veracruz | ||
| 500 | _aC100 | ||
| 600 | 1 | 4 |
_aMaximiliano _cemperador de Mèxico _d1832-1867 _94582 |
| 651 | 4 |
_aMèxico _xHistoria _yIntervenciòn francesa, 1861-1867 _910120 |
|
| 902 | _aGFM | ||
| 942 |
_2lcc _cB |
||
| 999 |
_c3618 _d3618 |
||